"Countries with the Smallest Exclusive Economic Zones" - Statistics

General Stats
  • This quiz has been taken 4 times
  • The average score is 4 of 20
Answer Stats
% Correct
Bahrain
50%
Belgium
50%
Lithuania
50%
Singapore
50%
Albania
25%
Bosnia and Herzegovina
25%
Djibouti
25%
Iraq
25%
Kuwait
25%
Monaco
25%
Palestine
25%
Togo
25%
Brunei Darussalam
0%
Democratic Republic of the Congo
0%
Jordan
0%
Montenegro
0%
Slovenia
0%
St Kitts and Nevis
0%
St Lucia
0%
Syria
0%
No matching quizzes found
Score Distribution
Percent of People with Each Score
Percentile by Number Answered
Your Score History
You have not taken this quiz